Rehabilitació d'habitatges amb finalitat social. Gestió de la rehabilitació urbana i conseqüències socials
ISBN:
84-7794-494-6
Descripción Física:
94 p. ; 29'5 cm
MARC
| LEADER | 00000nam a2200000Ia 4500 | ||
|---|---|---|---|
| 001 | 11508 | ||
| 008 | 160829s1996 xx 000 0 cat d | ||
| 020 | |a 84-7794-494-6 | ||
| 080 | |a S-1-108 | ||
| 245 | |a Rehabilitació d'habitatges amb finalitat social. Gestió de la rehabilitació urbana i conseqüències socials | ||
| 260 | |a Barcelona : |b Diputació de Barcelona. Àrea de Serveis Socials, |c 1996 | ||
| 300 | |a 94 p. ; |c 29'5 cm | ||
| 650 | |a Rehabilitació de l'habitatge |9 34438 | ||
| 650 | |a Rehabilitació urbana |9 34439 | ||
| 710 | |a Barcelona (Catalunya : Província). |b Àrea de Serveis Socials |9 53159 | ||
| 901 | |a Arxiu | ||
| 942 | |n 1 | ||
| 952 | |0 0 |1 0 |4 0 |6 S1108 |7 1 |9 46511 |a Arxiu |b Arxiu |d 2016-12-01 |l 0 |o S-1-108 |p 11508 |r 2016-12-01 00:00:00 |w 2016-12-01 |y ARXIU | ||
| 999 | |c 50302 |d 50302 | ||